| 000 | 00605cam a2200181 4500500 | ||
|---|---|---|---|
| 005 | 20260322013853.0 | ||
| 041 | _afre | ||
| 042 | _adc | ||
| 100 | 1 | 0 |
_aScherrmann, Marie-Christine _eauthor |
| 700 | 1 | 0 |
_aMalacria, Max _eauthor |
| 700 | 1 | 0 |
_aGoddard, Jean-Philippe _eauthor |
| 700 | 1 | 0 |
_aOllivier, Cyril _eauthor |
| 245 | 0 | 0 | _aWater chemistry |
| 260 | _c2026. | ||
| 500 | _a24 | ||
| 786 | 0 | _nDrugs and pharmaceuticals | - | 2026-03-05 | p. 2-2 | |
| 856 | 4 | 1 | _uhttps://stm.cairn.info/drug-production-chemical-and-biotechnological-processes--bdti42610210-k1210-page-2?lang=en&redirect-ssocas=7080 |
| 999 |
_c1784269 _d1784269 |
||